Loading...
Forest trees of Travancore
| Main Author: | |
|---|---|
| Format: | Printed Book |
| Published: |
New Delhi, Periodicals Expert Book Agency
1908
|
| Subjects: |
| LEADER | 004960000a22001570004500 | ||
|---|---|---|---|
| 041 | |a en | ||
| 082 | |a 582.160 954 83 C8 | ||
| 100 | |a Bourdillon |f T F | ||
| 245 | |a Forest trees of Travancore | ||
| 260 | |a New Delhi, Periodicals Expert Book Agency | ||
| 260 | |c 1908 | ||
| 650 | |a Forest Trees Kerala | ||
| 650 | |a Trees Kerala | ||
| 942 | |c BK | ||
| 999 | |c 153321 |d 153317 | ||
| 952 | |0 0 |1 0 |4 0 |6 582_160000000000000_954_83_C8 |7 0 |9 152131 |a SCK |b SCK |d 2017-10-23 |l 0 |o 582.160 954 83 C8 |p SCK01026 |r 2017-10-23 |w 2017-10-23 |y BK | ||